000
00263nam a2200097Ia 4500
082
_a
J|664.00286|MASO
245
0
_a
How big is your food footprint?
100
_a
Mason, Paul New York, 2009
942
_c
BK
008
210817s9999 xx 000 0 und d
999
_c
217691
_d
217690